NEZES, Okresná občianska iniciatíva podnikateľov podporuje kandidatúru na post prezidenta SR Vladimíra Mečiara

Bibliographic Details
Main Author: Bakoš, Emil (Author)
Corporate Author: Okresná občianska iniciatíva podnikateľov (Rožňava, Slovensko) (Author)
Format: Article
Language:Slovak
Subjects:

MARC

LEADER 00000nab a2200000 a 4500
001 vtls001005840
003 SK-MaSNL
005 20260303041739.0
008 040720e19990511xo 0 slo
035 |a RV6440 
040 |a RVGKPD  |b slo  |c RVGKPD  |e AACR2 
041 0 |a slo 
044 |a xo  |c SK 
080 |a 323.23  |2 1981 
100 1 |a Bakoš, Emil  |4 aut  |9 1027185 
245 1 0 |a NEZES, Okresná občianska iniciatíva podnikateľov podporuje kandidatúru na post prezidenta SR Vladimíra Mečiara 
500 |a podpora 
600 1 7 |a Mečiar, Vladimír,  |d 1942-  |2 RVGKPD  |9 10144 
610 2 7 |a Okresná občianska iniciatíva podnikateľov (Rožňava, Slovensko)  |2 RVGKPD  |9 1027186 
650 0 7 |a voľba prezidenta  |2 RVGKPD  |9 884654 
651 7 |a Rožňava (Slovensko)  |2 RVGKPD  |9 17394 
655 7 |a periodikum  |2 RVGKPD  |9 29553 
710 2 |a Okresná občianska iniciatíva podnikateľov (Rožňava, Slovensko)  |4 aut  |9 1027186 
773 0 8 |t Zora Gemera  |g Roč. 7, č.19, 11.5.1999, s. 3 
852 |a ZVYKNI  |b KIS3GCP 
999 |c 1688686  |d 1690616